00557nam a2200133 a 450000100100000000500170001000800410002702000180006804000250008624501540011126000910026530000330035670000340038900004387020201002045021.0140507s2008 sp ac 000 0 spa d a9788483470770 aDO-SdBNPbspacBNPHU00aDiccionario histórico, goegráfico y cultural de Filipinas y el Pacífico /ccoordinación y dirección Leonardo Cabrero Fernández...[et.al]. aMadrid :bAgencia Española de Cooperación Internacional para el Desarrollo,c2008. a3v. :bil., retrs. ;c24 cm.12aCabrero Fernández, Leonardo